Giáo phường nhà tơ đại hàng Kẻ Lứ - Yên Lý

Nguồn gốc, dòng họ của giáo phường nhà tơ đại hàng Kẻ Lứ; tổ chức, hoạt động của giáo phường nhà tơ đại hàng Kẻ Lứ - Yên Lý; Phân tích sâu vai trò của giáo phường nhà tơ đại hàng Kẻ Lứ ở Kinh đô Phú Xuân - Huế; Nhà Nguyễn với ca trù...

ver descrição completa

Na minha lista:
Detalhes bibliográficos
Autor Corporativo: Hội văn nghệ dân gian Việt Nam
Formato: Livro
Idioma:Undetermined
Publicado em: Hà Nội Khoa học - Xã hội 2015
Assuntos:
Tags: Adicionar Tag
Sem tags, seja o primeiro a adicionar uma tag!
Thư viện lưu trữ: Trung tâm Học liệu Trường Đại học Cần Thơ
LEADER 01295nam a2200217Ia 4500
001 CTU_209872
008 210402s9999 xx 000 0 und d
082 |a 781.629592 
082 |b H452 
110 |a Hội văn nghệ dân gian Việt Nam 
245 0 |a Giáo phường nhà tơ đại hàng Kẻ Lứ - Yên Lý 
245 0 |c Nguyễn Nghĩa Nguyên (Sưu tầm, giới thiệu) ; Tăng Gia Tăng, Nguyễn Thị Lâm (dịch) 
260 |a Hà Nội 
260 |b Khoa học - Xã hội 
260 |c 2015 
520 |a Nguồn gốc, dòng họ của giáo phường nhà tơ đại hàng Kẻ Lứ; tổ chức, hoạt động của giáo phường nhà tơ đại hàng Kẻ Lứ - Yên Lý; Phân tích sâu vai trò của giáo phường nhà tơ đại hàng Kẻ Lứ ở Kinh đô Phú Xuân - Huế; Nhà Nguyễn với ca trù và vai trò của giáo phường nhà tơ đại hàng Kẻ Lứ - Yên Lý. 
650 |a Âm nhạc dân gian,Folk music 
650 |x Lịch sử và phê bình,History and criticism 
650 |z Việt Nam,Vietnam 
904 |i Trần Thị Yến Nhi,Hải 
980 |a Trung tâm Học liệu Trường Đại học Cần Thơ